000 00675nam a2200229Ia 4500
001 19503
003 DO-CoUTE
005 20260204212604.0
008 220104s9999 dr 000 0 spa d
020 _a978-958-8269-48-1
040 _aDO-CoUTE
_bspa
_cDO-CoUTE
041 0 _aspa
082 _a796.077 F738e
100 1 _aForteza de la Rosa, Armando
245 1 0 _aEntrenamiento deportivo:alta metodología y planificación / Armando Forteza de la Rosa
260 _aArmenia, Colombia: Eitorial Kinesis
300 _a215 páginas
650 4 _aEntrenamiento deportivo
942 _2ddc
_cBK
999 _c20898
_d20898